[Event "Sunway Sitges Open 2019"]
[Site "Sitges ESP"]
[Date "2019.12.14"]
[Round "2.4"]
[White "Shubin, Kirill"]
[Black "Lagarde, Maxime"]
[Result "0-1"]
[WhiteTitle "IM"]
[BlackTitle "GM"]
[WhiteElo "2430"]
[BlackElo "2655"]
[WhiteFideId "34119962"]
[BlackFideId "662399"]
[EventDate "2019.12.13"]

1. e4 e6 2. d4 d5 3. Nc3 Nf6 4. Bg5 dxe4 5. Nxe4 Be7 6. Bxf6 gxf6 7. Qd2 a6 8.
g3 Bd7 9. Bg2 Bc6 10. f4 f5 11. Nc3 Bxg2 12. Qxg2 c6 13. O-O-O Nd7 14. Nf3 Qa5
15. Kb1 O-O-O 16. Rd3 Bf6 17. Rhd1 c5 18. Qe2 cxd4 19. Nxd4 Nc5 20. Nb3 Qc7 21.
Nxc5 Qxc5 22. a3 Rxd3 23. Rxd3 Rd8 24. Rxd8+ Kxd8 25. Nd1 Ke8 26. Kc1 Kf8 27.
Qg2 Qc7 28. Nf2 b5 29. Nd3 a5 30. Qa8+ Bd8 31. Kb1 Kg7 32. h3 a4 33. g4 fxg4 34.
hxg4 h6 35. Qf3 Qd6 36. f5 Qd5 37. Qg3 exf5 38. gxf5+ Bg5 39. Qf2 Kf6 40. Nf4
Qh1+ 41. Ka2 Qh4 42. Qb6+ Kxf5 43. Nd3 Qc4+ 44. Kb1 Qd5 45. Nb4 Qd1+ 46. Ka2 Qe2
47. Qb7 Kg6 48. Kb1 h5 49. Nd3 Qf1+ 50. Ka2 Qf5 51. Qb8 Kg7 0-1

[Event "Sunway Sitges Open 2019"]
[Site "Sitges ESP"]
[Date "2019.12.14"]
[Round "2.5"]
[White "Edouard, Romain"]
[Black "Sardana, Rishi"]
[Result "1/2-1/2"]
[WhiteTitle "GM"]
[BlackTitle "IM"]
[WhiteElo "2653"]
[BlackElo "2428"]
[WhiteFideId "633429"]
[BlackFideId "25004301"]
[EventDate "2019.12.13"]

1. c4 e6 2. g3 d5 3. Bg2 Nf6 4. Nf3 d4 5. O-O c5 6. e3 Nc6 7. exd4 cxd4 8. d3
Bd6 9. Na3 O-O 10. Rb1 e5 11. Bg5 Bf5 12. Nh4 Be6 13. Nc2 a5 14. Na3 Be7 15. Nb5
h6 16. Bxf6 Bxf6 17. Nf3 e4 18. Ne1 exd3 19. b3 Bf5 20. Qf3 Bh7 21. Rd1 Re8 22.
Nxd3 Qb6 23. Rfe1 Bxd3 24. Qxd3 Nb4 25. Qd2 d3 26. h4 Rxe1+ 27. Qxe1 Rd8 28. a3
Nc2 29. Qe4 Nxa3 30. Rxd3 Nxb5 31. Rxd8+ Qxd8 32. cxb5 b6 33. Kh2 Bd4 34. f4 h5
35. f5 Qf6 36. Qd3 g6 37. Be4 gxf5 38. Bxf5 Qe5 39. Be4 Kg7 40. Qf3 Bc5 41. Kh3 1/2-1/2

[Event "Sunway Sitges Open 2019"]
[Site "Sitges ESP"]
[Date "2019.12.14"]
[Round "2.6"]
[White "Bryakin, Mikhail"]
[Black "Kovalenko, Igor"]
[Result "0-1"]
[WhiteTitle "FM"]
[BlackTitle "GM"]
[WhiteElo "2428"]
[BlackElo "2647"]
[WhiteFideId "4165314"]
[BlackFideId "14117908"]
[EventDate "2019.12.13"]

1. d4 g6 2. c4 Bg7 3. Nc3 c5 4. d5 d6 5. e4 e6 6. Nf3 Ne7 7. h3 O-O 8. Bd3 h6 9.
O-O Kh7 10. a3 Na6 11. Bd2 Bd7 12. Qc2 Rc8 13. Rab1 exd5 14. Nxd5 Nxd5 15. exd5
Nc7 16. Rfe1 Re8 17. Bc3 b5 18. b3 bxc4 19. bxc4 Rxe1+ 20. Rxe1 Rb8 21. Bxg7
Kxg7 22. Qc3+ Qf6 23. Qa5 Rb7 24. Rb1 Rxb1+ 25. Bxb1 Ne8 26. Qxa7 Bxh3 27. Qa4
Kf8 28. Qb3 Bd7 29. Nd2 Qa1 30. Nf1 Nf6 31. Qa2 Qc3 32. a4 Bc8 33. Qd2 Qxd2 34.
Nxd2 Ke7 35. Bc2 Kd8 36. Kf1 Kc7 37. Ke2 Kb6 38. Kd3 Ng4 39. f3 Bf5+ 40. Kc3
Bxc2 41. Kxc2 Ne3+ 42. Kd3 Nxg2 43. Ne4 Kc7 44. a5 Ne1+ 45. Kc3 Nxf3 46. Nxd6
Ne5 47. Ne8+ Kb7 48. Nf6 Ka6 49. d6 h5 50. d7 Nc6 51. Kd3 Kxa5 52. Ke4 Kb6 53.
Kd5 h4 54. Kd6 h3 55. Ng4 f5 56. Nf2 h2 57. Ke6 Kc7 58. Kf6 Kxd7 59. Kxg6 Ke6
60. Kg5 Ne5 61. Nh1 Nxc4 62. Kf4 Nd6 63. Kg3 Ne4+ 0-1

[Event "Sunway Sitges Open 2019"]
[Site "Sitges ESP"]
[Date "2019.12.14"]
[Round "2.7"]
[White "Donchenko, Alexander"]
[Black "Nomin-Erdene, Davaademberel"]
[Result "1-0"]
[WhiteTitle "GM"]
[BlackTitle "IM"]
[WhiteElo "2644"]
[BlackElo "2425"]
[WhiteFideId "24603295"]
[BlackFideId "4900782"]
[EventDate "2019.12.13"]

1. d4 d5 2. c4 e6 3. Nc3 Nf6 4. cxd5 exd5 5. Bg5 Be7 6. e3 c6 7. Bd3 Nbd7 8. h3
O-O 9. Nf3 Re8 10. O-O Nf8 11. Qc2 Nh5 12. Bxe7 Qxe7 13. Rab1 Nf6 14. b4 a6 15.
a4 Ne6 16. Rfc1 g6 17. b5 axb5 18. axb5 c5 19. dxc5 Qxc5 20. Qd2 Qe7 21. b6 Nc5
22. Bc2 Be6 23. Nb5 Ra2 24. Nc7 Nce4 25. Qe1 Rd8 26. Nd4 Bc8 27. f3 Nc5 28. Rb5
Ra3 29. Kf2 Bd7 30. Ra5 Ba4 31. Bxg6 Ra2+ 32. Kg1 hxg6 33. Rcxc5 Ra3 34. Kf2
Ra2+ 35. Kg1 Ra3 36. Qd2 Ra1+ 37. Rc1 Rxc1+ 38. Qxc1 Qb4 39. Ra7 Rb8 40. Ra8
Rxa8 41. Nxa8 Bd7 42. Ne2 Qa5 43. Qc3 Qxc3 44. Nxc3 Bc6 45. Ne2 Kf8 46. Nd4 Ba4
47. h4 Ke7 48. Kf2 Kd6 49. g4 Ke5 50. Kg3 Bd7 51. Nc7 Ba4 52. Kf2 Kd6 53. Na8
Ke5 54. Ke2 Kd6 55. Ke1 Kc5 56. Kf2 Kd6 57. Kg3 Ke5 58. Nc7 Bd7 59. Na6 Kd6 60.
Nb4 Kc5 61. Nd3+ Kxb6 62. Kf4 Nh7 63. Ke5 Kc7 64. Kxd5 b6 65. Ke5 Ba4 66. Nb4
Kd8 67. Nd5 Be8 68. Nxb6 Ke7 69. Nd5+ Kf8 70. Nf6 Nxf6 71. Kxf6 Kg8 72. f4 Bd7
73. g5 Bh3 74. Nc6 Bg2 75. Ne7+ Kf8 76. f5 1-0

[Event "Sunway Sitges Open 2019"]
[Site "Sitges ESP"]
[Date "2019.12.14"]
[Round "2.8"]
[White "Low, Zhen Yu Cyrus"]
[Black "Sethuraman, S.P."]
[Result "0-1"]
[WhiteTitle "IM"]
[BlackTitle "GM"]
[WhiteElo "2420"]
[BlackElo "2638"]
[WhiteFideId "5804175"]
[BlackFideId "5021596"]
[EventDate "2019.12.13"]

1. e4 c5 2. Nf3 d6 3. d4 cxd4 4. Nxd4 Nf6 5. Nc3 a6 6. Bg5 Nbd7 7. Bc4 Qb6 8.
O-O Qc5 9. Bd5 e6 10. Re1 Ne5 11. Bxf6 gxf6 12. Re3 h5 13. b4 Qc7 14. Bb3 Bd7
15. Nce2 h4 16. h3 Qb6 17. Rb1 Bh6 18. Rc3 Ke7 19. Kh1 Rac8 20. Rxc8 Rxc8 21.
Qe1 Ng6 22. Rd1 Ra8 23. c4 a5 24. Nc3 Kf8 25. Ndb5 axb4 26. Na4 Qa5 27. Rxd6 Bc6
28. Nc5 Bf4 29. Rd1 Bxb5 30. cxb5 Qxb5 31. Nd3 Bd6 32. Qe3 Kg7 33. Rc1 Rd8 34.
Bc4 Qg5 35. Qxg5 fxg5 36. Bb3 Kf6 37. Kg1 Bh2+ 38. Kxh2 Rxd3 39. Rc4 Rd2 40. Kg1
Ne5 41. Rxb4 Rxf2 42. Rxb7 Re2 43. Rc7 Nd3 44. Rc2 Rxe4 45. Rd2 Re1+ 46. Kh2 Nc5
47. Rf2+ Ke7 48. Bc4 Rc1 49. Bb5 Rb1 50. Bc4 f5 51. Rf1 Rb2 52. Ra1 Kf6 53. a4
Rb4 54. Bb5 Ke7 55. Bc6 Nb3 56. Rb1 Kd6 57. Be8 Kc5 58. Bd7 Nd4 59. Ra1 Kd6 60.
Be8 Rb8 61. Bh5 Ra8 62. g3 e5 63. Kg2 e4 64. Bf7 Ra5 65. Bc4 Rc5 66. Rc1 hxg3 0-1

[Event "Sunway Sitges Open 2019"]
[Site "Sitges ESP"]
[Date "2019.12.14"]
[Round "2.9"]
[White "Tabatabaei, M.amin"]
[Black "Kacharava, Nikolozi"]
[Result "1-0"]
[WhiteTitle "GM"]
[BlackTitle "IM"]
[WhiteElo "2635"]
[BlackElo "2416"]
[WhiteFideId "12521213"]
[BlackFideId "13611860"]
[EventDate "2019.12.13"]

1. e4 e5 2. Nf3 Nf6 3. Nxe5 d6 4. Nf3 Nxe4 5. d4 d5 6. Bd3 Nc6 7. O-O Be7 8.
Nbd2 Bf5 9. Re1 Nxd2 10. Qxd2 Bxd3 11. Qxd3 O-O 12. c3 Qd7 13. Bf4 Bd6 14. Ng5
g6 15. Bxd6 Qxd6 16. Qh3 h5 17. Qf3 Qd7 18. Re3 Rae8 19. Rae1 Rxe3 20. Qxe3 Qf5
21. h4 a6 22. Qg3 Qd7 23. Qe3 Qg4 24. Nf3 Kg7 25. Ne5 Qe6 26. Nxc6 Qxe3 27. Rxe3
bxc6 28. b4 Rb8 29. f3 Kf8 30. Kf2 Rd8 31. Ke2 f6 32. Re6 Re8 33. Rxe8+ Kxe8 34.
Ke3 Kf7 35. Kf4 Kg7 36. a4 Kf7 37. g4 hxg4 38. fxg4 Kg7 39. a5 Kh6 40. g5+ Kg7
41. Ke3 f5 42. c4 dxc4 43. d5 Kf7 44. dxc6 Ke6 45. Kd4 f4 46. Kxc4 Kf5 47. Kd3
Kg4 48. Ke2 Kg3 49. Kf1 Kxh4 50. b5 1-0

[Event "Sunway Sitges Open 2019"]
[Site "Sitges ESP"]
[Date "2019.12.14"]
[Round "2.10"]
[White "Nielsen, Hogni Egilstoft"]
[Black "Vocaturo, Daniele"]
[Result "0-1"]
[WhiteTitle "FM"]
[BlackTitle "GM"]
[WhiteElo "2416"]
[BlackElo "2627"]
[WhiteFideId "7200404"]
[BlackFideId "813192"]
[EventDate "2019.12.13"]

1. e4 e5 2. Nf3 Nc6 3. Bc4 Bc5 4. c3 Nf6 5. d3 O-O 6. O-O d5 7. exd5 Nxd5 8. Re1
Bg4 9. Nbd2 Nb6 10. Ne4 Nxc4 11. Nxc5 Nd6 12. h3 Bh5 13. g4 Bg6 14. Nxe5 Nxe5
15. Rxe5 b6 16. Nb3 f5 17. Re3 Qh4 18. Rg3 Rae8 19. Bd2 f4 20. Rf3 h5 21. Rxf4
Qxh3 22. Qf1 hxg4 23. Qxh3 gxh3 24. Rxf8+ Rxf8 25. Be3 Bxd3 26. Kh2 Nc4 27. Rd1
Nxe3 28. fxe3 Bf1 29. Kg3 c5 30. e4 Bg2 31. e5 Rf3+ 32. Kh2 Re3 33. Rd7 Rxe5 0-1

[Event "Sunway Sitges Open 2019"]
[Site "Sitges ESP"]
[Date "2019.12.14"]
[Round "2.11"]
[White "Narayanan, S.L."]
[Black "Akash Pc, Iyer"]
[Result "1-0"]
[WhiteTitle "GM"]
[BlackTitle "IM"]
[WhiteElo "2626"]
[BlackElo "2415"]
[WhiteFideId "5058422"]
[BlackFideId "5006775"]
[EventDate "2019.12.13"]

1. e4 c6 2. d4 d5 3. e5 Bf5 4. h4 Bd7 5. c4 e6 6. Nc3 Na6 7. c5 Bc8 8. a3 Nb8 9.
Nf3 Ne7 10. Bd3 h6 11. b4 b6 12. Rb1 Nd7 13. h5 Qc7 14. Bf4 Bb7 15. Qd2 Nc8 16.
Rh3 a5 17. Kf1 Ba6 18. Kg1 Bxd3 19. Qxd3 axb4 20. axb4 Rb8 21. Qc2 Ne7 22. Ne2
b5 23. Nh4 Ra8 24. Bd2 Qa7 25. Nc1 Qa4 26. Nb3 Qa2 27. Qd1 Qa6 28. Qg4 Qc8 29.
Rf3 Rg8 30. Na5 f5 31. exf6 Nxf6 32. Qh3 Ne4 33. Bf4 Nf5 34. Nxf5 exf5 35. Re1
Be7 36. Rfe3 Bf6 37. f3 Bxd4 38. fxe4 fxe4 39. Qg3 Qe6 40. Nb3 Bxe3+ 41. Bxe3
Kd7 42. Nd4 Qe7 43. Qg6 Ra6 44. Rf1 Rf8 45. Qg4+ 1-0

[Event "Sunway Sitges Open 2019"]
[Site "Sitges ESP"]
[Date "2019.12.14"]
[Round "2.12"]
[White "Marzolo, Cyril"]
[Black "Heimann, Andreas"]
[Result "0-1"]
[WhiteTitle "IM"]
[BlackTitle "GM"]
[WhiteElo "2415"]
[BlackElo "2617"]
[WhiteFideId "608653"]
[BlackFideId "24624632"]
[EventDate "2019.12.13"]

1. d4 d5 2. Nf3 Nf6 3. c4 e6 4. Nc3 Bb4 5. e3 O-O 6. Bd3 c5 7. O-O dxc4 8. Bxc4
Nc6 9. Qe2 cxd4 10. Rd1 Bxc3 11. bxc3 d3 12. Bxd3 Qc7 13. Nd4 a6 14. Nxc6 Qxc6
15. c4 e5 16. e4 Bg4 17. f3 Be6 18. Be3 Nd7 19. c5 Rfd8 20. Rdc1 Nf8 21. Qc2
Rac8 22. Bf1 Rc7 23. Qb2 f6 24. a4 Bf7 25. Qb6 Ne6 26. Qxc6 Rxc6 27. Rab1 Rd7
28. Rb6 Nd8 29. Kf2 Kf8 30. Ke1 Ke7 31. Rcb1 Be6 32. Be2 Rcc7 33. Rd1 Nc6 34.
Rxd7+ Bxd7 35. Kd2 Nd8 36. Bd1 Ne6 37. Bb3 Bc6 38. Bxe6 Kxe6 39. Rb4 g6 40. Kc2
f5 41. exf5+ gxf5 42. Rh4 f4 43. Bf2 Bxa4+ 44. Kc3 Be8 45. g3 fxg3 46. hxg3 b6
47. Rh6+ Bg6 48. Kb4 bxc5+ 49. Bxc5 Rb7+ 50. Kc4 Rf7 0-1

[Event "Sunway Sitges Open 2019"]
[Site "Sitges ESP"]
[Date "2019.12.14"]
[Round "2.13"]
[White "Travadon, Loic"]
[Black "Nihal, Sarin"]
[Result "1/2-1/2"]
[WhiteTitle "IM"]
[BlackTitle "GM"]
[WhiteElo "2412"]
[BlackElo "2612"]
[WhiteFideId "26092131"]
[BlackFideId "25092340"]
[EventDate "2019.12.13"]

1. d4 f5 2. g3 Nf6 3. Bg2 g6 4. Nf3 Bg7 5. c4 O-O 6. O-O d6 7. Nc3 c6 8. b3 a5
9. Bb2 Na6 10. Re1 Ne4 11. Qb1 Nxc3 12. Bxc3 Nc5 13. Bb2 Ne4 14. Qc2 a4 15. Rad1
Qb6 16. e3 Be6 17. Nd2 axb3 18. axb3 d5 19. c5 Qb4 20. f3 Nxd2 21. Rxd2 Ra2 22.
Ra1 Rfa8 23. Rxa2 Rxa2 24. Qc3 Qxc3 25. Bxc3 Ra3 26. Rb2 g5 27. f4 gxf4 28. gxf4
Bf6 29. Bf3 Kg7 30. Bd1 Bf7 31. Rb1 Kh6 32. Ra1 Rxa1 33. Bxa1 Bh5 34. Bxh5 Kxh5
35. Bc3 e6 36. Ba5 Kg4 37. Kg2 Be7 38. Bb6 Bh4 39. Ba5 Be7 40. Bb6 Bh4 41. Ba5 1/2-1/2

[Event "Sunway Sitges Open 2019"]
[Site "Sitges ESP"]
[Date "2019.12.14"]
[Round "2.14"]
[White "Karthikeyan, Murali"]
[Black "Dhulipalla, Bala Chandra Prasad"]
[Result "1-0"]
[WhiteTitle "GM"]
[BlackTitle "IM"]
[WhiteElo "2611"]
[BlackElo "2414"]
[WhiteFideId "5074452"]
[BlackFideId "25005812"]
[EventDate "2019.12.13"]

1. e4 e5 2. Nf3 Nc6 3. Bb5 a6 4. Ba4 Nf6 5. O-O Be7 6. Re1 b5 7. Bb3 d6 8. c3
O-O 9. h3 Nb8 10. d4 Nbd7 11. Nbd2 c5 12. Nf1 Re8 13. Ng3 Bf8 14. a4 Bb7 15. d5
c4 16. Bc2 g6 17. Bg5 Nc5 18. Qd2 Be7 19. Kh1 Nfd7 20. Be3 Qc7 21. Nh2 Nb6 22.
axb5 axb5 23. Ng4 Rxa1 24. Rxa1 Bc8 25. Nh6+ Kg7 26. Qe2 Nba4 27. Qf3 f6 28.
Ngf5+ Kh8 29. Nxe7 Qxe7 30. Rb1 Bd7 31. Qg3 Qf8 32. Qh4 g5 33. Qh5 Re7 34. Nf5
Bxf5 35. exf5 Qf7 36. Qd1 Nb6 37. Be4 Nxe4 38. Bxb6 Rb7 39. Be3 b4 40. Ra1 bxc3
41. bxc3 Nxc3 42. Qg4 Rc7 43. Bxg5 h5 44. Bxf6+ Kh7 45. Ra8 hxg4 46. Rh8# 1-0

[Event "Sunway Sitges Open 2019"]
[Site "Sitges ESP"]
[Date "2019.12.14"]
[Round "2.15"]
[White "Gschnitzer, Adrian"]
[Black "Salgado Lopez, Ivan"]
[Result "0-1"]
[WhiteTitle "FM"]
[BlackTitle "GM"]
[WhiteElo "2408"]
[BlackElo "2605"]
[WhiteFideId "1270337"]
[BlackFideId "2257327"]
[EventDate "2019.12.13"]

1. c4 e6 2. Nc3 Bb4 3. Qb3 a5 4. a3 Be7 5. d4 Nf6 6. e4 d6 7. Nf3 O-O 8. Bd3
Nbd7 9. Qc2 e5 10. b3 c6 11. Bb2 Nh5 12. Ne2 exd4 13. Nfxd4 Nc5 14. O-O Re8 15.
b4 Nxd3 16. Qxd3 Bf8 17. Ng3 Nxg3 18. hxg3 Bd7 19. Bc3 Qe7 20. Rae1 axb4 21. Nf5
Qe6 22. axb4 d5 23. Qd4 f6 24. g4 dxe4 25. f3 c5 26. bxc5 Qc6 27. Nd6 exf3 28.
Rxe8 Rxe8 29. Rxf3 Re5 30. Bb4 Bxd6 31. Qxd6 h6 32. Rf4 Qc8 33. Qd3 Bxg4 34.
Rxf6 Be2 35. Qc2 Qg4 36. Rf2 Qxc4 37. Qxc4+ Bxc4 38. Rc2 Bb5 39. Ba5 Bc6 40. Bc7
Rg5 41. Bd6 Rg4 42. Rf2 Kh7 43. Kh2 Rc4 44. Re2 Kg6 45. Rf2 Kh5 46. Re2 g6 47.
Rd2 Kg4 48. Re2 h5 49. Be7 Be4 50. Re3 h4 51. Re2 g5 52. Bd6 Bc6 53. Be7 Kh5 54.
g3 Rc1 55. gxh4 Kxh4 0-1

[Event "Sunway Sitges Open 2019"]
[Site "Sitges ESP"]
[Date "2019.12.14"]
[Round "2.17"]
[White "Mendonca, Leon Luke"]
[Black "Svane, Rasmus"]
[Result "1/2-1/2"]
[WhiteTitle "IM"]
[BlackTitle "GM"]
[WhiteElo "2398"]
[BlackElo "2597"]
[WhiteFideId "35028561"]
[BlackFideId "4657101"]
[EventDate "2019.12.13"]

1. d4 Nf6 2. c4 e6 3. Nc3 Bb4 4. e3 O-O 5. Bd3 d5 6. a3 Bxc3+ 7. bxc3 dxc4 8.
Bxc4 c5 9. Ne2 Qc7 10. Ba2 b6 11. O-O Ba6 12. Bb2 Rd8 13. Re1 Nc6 14. Rc1 Na5
15. Ng3 Bc4 16. Bxc4 Nxc4 17. Qe2 b5 18. Rcd1 Rd7 19. e4 Rad8 20. Rd3 Qc6 21.
Red1 cxd4 22. cxd4 Nxb2 23. Qxb2 Nxe4 24. Nxe4 Qxe4 25. Qxb5 h6 26. h3 Rd5 27.
Qb7 a5 28. Qe7 R5d7 29. Qc5 Qd5 30. Qxd5 Rxd5 31. Kf1 e5 32. Ke2 exd4 33. Kf3 f5
34. h4 Kf7 35. h5 Ke6 36. Kf4 R8d6 37. Rg3 Kf7 38. Rgd3 Rd7 39. Re1 Re7 40. Red1
Re4+ 41. Kg3 Rg4+ 42. Kh3 Rd6 43. f3 Rg5 44. Rxd4 Rxh5+ 45. Kg3 Rg6+ 46. Kf2
Rhg5 47. Rg1 Rc6 48. Rgd1 Rcg6 49. Rg1 Rb6 50. Rgd1 Rb2+ 51. R1d2 Rxd2+ 52. Rxd2
f4 53. Rd4 Rf5 54. Kg1 Ke6 55. Kh2 g5 56. Rd8 h5 57. Kh3 Rd5 58. Rh8 Rd1 59.
Rxh5 Kf5 60. Kh2 Ra1 61. Rh8 Rxa3 62. Rf8+ Ke6 63. Ra8 Ra2 64. Kh3 Kf6 65. Rf8+
Kg7 66. Ra8 Kf6 67. Rf8+ Ke6 68. Ra8 a4 69. Ra5 Kf6 70. g3 fxg3 71. Kxg3 a3 72.
Ra6+ Kf5 73. Ra5+ Kf6 74. Kg4 Ra1 75. Ra6+ Ke5 76. Kxg5 a2 77. f4+ Ke4 78. Ra4+
Kf3 79. Kf5 Ke3 80. Kf6 Rf1 81. Rxa2 Kxf4 1/2-1/2

[Event "Sunway Sitges Open 2019"]
[Site "Sitges ESP"]
[Date "2019.12.14"]
[Round "2.21"]
[White "Wagner, Dennis"]
[Black "Nielsen, Rogvi Egilstoft"]
[Result "1-0"]
[WhiteTitle "GM"]
[BlackTitle "FM"]
[WhiteElo "2578"]
[BlackElo "2387"]
[WhiteFideId "24650684"]
[BlackFideId "7200447"]
[EventDate "2019.12.13"]

1. c4 Nf6 2. Nc3 e6 3. e4 d6 4. d4 Nbd7 5. Nf3 c5 6. d5 Be7 7. Be2 O-O 8. O-O
Ne8 9. Be3 Bf6 10. Qd2 Bxc3 11. Qxc3 Qf6 12. Qd2 h6 13. Rac1 b6 14. h3 Qe7 15.
Bd3 Rb8 16. a3 a5 17. Rfe1 e5 18. Nh2 Nef6 19. Nf1 Rd8 20. Ng3 Nf8 21. Rc3 Ne8
22. Bc2 Bd7 23. a4 Nf6 24. Kh1 Kh8 25. f4 exf4 26. Bxf4 Ng6 27. e5 Nxe5 28. Bxh6
Ng8 29. Bf4 f6 30. Ne4 Re8 31. Qf2 g5 32. Bg3 Kg7 33. b3 Nh6 34. Bh2 Rh8 35. Kg1
Nhf7 36. Ng3 g4 37. Nf5+ Bxf5 38. Qxf5 Rbg8 39. Qxg4+ Kf8 40. Qc8+ Qd8 41. Qxd8+
Nxd8 42. Rg3 Ndf7 43. Rxg8+ Rxg8 44. Kf2 Rg5 45. Bf4 Rh5 46. Re3 Rh4 47. Kg3 Rh5
48. Re1 Kg7 49. Bd2 Rh8 50. Bf5 Rh5 51. Rf1 Rh8 52. Bc3 Re8 53. Kh2 Rh8 54. g3
Re8 55. Kg2 Ng5 56. h4 Ngf7 57. Be6 Nd8 58. Bf5 Ndf7 59. g4 Nh6 60. g5 fxg5 61.
hxg5 Nf7 62. Bd2 Rh8 63. Kg3 Rh5 64. Bg4 Rh8 65. Be6 Rf8 66. Rf5 Re8 67. Bc3 1-0

[Event "Sunway Sitges Open 2019"]
[Site "Sitges ESP"]
[Date "2019.12.14"]
[Round "2.37"]
[White "Bjerre, Jonas Buhl"]
[Black "Borocz, Istvan1"]
[Result "1-0"]
[WhiteTitle "IM"]
[BlackTitle "IM"]
[WhiteElo "2526"]
[BlackElo "2346"]
[WhiteFideId "1444948"]
[BlackFideId "703036"]
[EventDate "2019.12.13"]

1. e4 e5 2. Nf3 Nc6 3. Bb5 Nf6 4. d3 Bc5 5. c3 O-O 6. O-O d6 7. Nbd2 Bd7 8. h3
a6 9. Ba4 b5 10. Bc2 Bb6 11. Re1 Ne7 12. Nf1 Ng6 13. d4 h6 14. Be3 Re8 15. Ng3
c5 16. dxc5 Bxc5 17. Qd2 Qb6 18. Rad1 Rad8 19. Bb3 Be6 20. Bxe6 fxe6 21. Qc2
Bxe3 22. Rxe3 Nf4 23. Ne1 Rf8 24. Nd3 Rf7 25. Nf1 Rdf8 26. Nxf4 exf4 27. Ree1 e5
28. Qb3 Ne8 29. a4 Kh7 30. axb5 axb5 31. Qb4 Rf6 32. Nd2 R8f7 33. Nc4 Qc6 34.
Na5 Qd7 35. f3 Rg6 36. Kh2 Rff6 37. Re2 Rg3 38. c4 Rfg6 39. Qe1 bxc4 40. Nxc4
Qe7 41. Nd2 Nc7 42. Nf1 R3g5 43. Qb4 Rh5 44. Kh1 Na6 45. Qc4 Nc5 46. b4 Ne6 47.
Nh2 Nd4 48. Ra2 Rhg5 49. Rb1 Rg3 50. b5 d5 51. Qc8 dxe4 52. Ra8 Re6 53. fxe4 f3
54. gxf3 Qh4 55. Qg8+ Kg6 56. Ra7 Qf6 57. Rf1 Rd6 58. Ng4 Rxg4 59. hxg4 Qh4+ 60.
Kg2 Ne6 61. Qf7+ Kh7 62. Qf5+ Kh8 63. Ra8+ Nd8 64. Qf8+ 1-0

[Event "Sunway Sitges Open 2019"]
[Site "Sitges ESP"]
[Date "2019.12.14"]
[Round "2.39"]
[White "Narciso Dublan, Marc"]
[Black "Ortega Serra, Marc"]
[Result "1/2-1/2"]
[WhiteTitle "GM"]
[WhiteElo "2516"]
[BlackElo "2345"]
[WhiteFideId "2201500"]
[BlackFideId "2293137"]
[EventDate "2019.12.13"]

1. e4 e6 2. f4 d5 3. e5 c5 4. Nf3 Nc6 5. c3 Nh6 6. Na3 Nf5 7. Nc2 h5 8. Bd3 g6
9. Bxf5 gxf5 10. d4 b6 11. O-O Ba6 12. Re1 Be7 13. Be3 Qd7 14. Qd2 Rc8 15. Bf2
h4 16. h3 Nb8 17. Red1 Qb5 18. a4 Qe2 19. a5 Rg8 20. Kh1 Qxd2 21. Rxd2 Rh8 22.
axb6 axb6 23. dxc5 bxc5 24. b4 d4 25. cxd4 cxb4 26. d5 b3 27. Ncd4 Bb4 28. Rdd1
b2 29. Rab1 Ba3 30. Ne1 Rc1 31. Ndc2 Be2 32. Nxa3 Bxd1 33. Rxb2 Nd7 34. Nb5 O-O 1/2-1/2

[Event "Sunway Sitges Open 2019"]
[Site "Sitges ESP"]
[Date "2019.12.14"]
[Round "2.42"]
[White "Divya, Deshmukh"]
[Black "Sadhwani, Raunak"]
[Result "0-1"]
[WhiteTitle "WIM"]
[BlackTitle "IM"]
[WhiteElo "2332"]
[BlackElo "2507"]
[WhiteFideId "35006916"]
[BlackFideId "35093487"]
[EventDate "2019.12.13"]

1. Nf3 Nf6 2. g3 g6 3. Bg2 Bg7 4. O-O O-O 5. d3 d5 6. Nbd2 Nc6 7. c3 e5 8. Qc2
a5 9. e4 a4 10. h3 h6 11. Rd1 Be6 12. Nf1 Qd7 13. Kh2 Rfd8 14. Be3 Nh7 15. exd5
Bxd5 16. Qd2 g5 17. c4 Be6 18. h4 a3 19. hxg5 axb2 20. Rab1 e4 21. Ne1 Nxg5 22.
Bxg5 hxg5 23. Bxe4 Rxa2 24. Nc2 Ne5 25. Qxg5 Bg4 26. Re1 Ra6 27. Kg2 Rh6 28.
Nce3 Bf3+ 0-1

[Event "Sunway Sitges Open 2019"]
[Site "Sitges ESP"]
[Date "2019.12.14"]
[Round "2.43"]
[White "Girish, A. Koushik"]
[Black "Rafiee, Makan"]
[Result "0-1"]
[WhiteTitle "GM"]
[BlackTitle "FM"]
[WhiteElo "2506"]
[BlackElo "2335"]
[WhiteFideId "5038448"]
[BlackFideId "24609340"]
[EventDate "2019.12.13"]

1. d4 d5 2. c4 e6 3. Nc3 Nf6 4. cxd5 exd5 5. Bg5 c6 6. e3 Be7 7. Bd3 Nbd7 8. Qc2
h6 9. Bh4 Nh5 10. Bxe7 Qxe7 11. O-O-O Nb6 12. h3 Bd7 13. Nf3 O-O-O 14. Ne5 Nf6
15. Kb1 Kb8 16. Rc1 Ne8 17. Na4 Nxa4 18. Qxa4 Nd6 19. Rc3 Be8 20. Ra3 Nc8 21.
Qa5 f6 22. Nf3 Qc7 23. Qb4 Qe7 24. Qd2 Nd6 25. Rc1 Ne4 26. Qa5 b6 27. Qe1 Rc8
28. Ng1 Bd7 29. Ne2 Bf5 30. Ka1 Nd6 31. Ba6 Rc7 32. Rac3 Bc8 33. Bd3 Bb7 34. Nf4
Rhc8 35. g4 c5 36. dxc5 bxc5 37. Qd1 g5 38. Ne2 Ne4 39. Bxe4 Qxe4 40. Ng3 Qg2
41. Nf5 Qh2 42. a3 a6 43. R1c2 Qe5 44. Nxh6 Rh7 45. Nf5 c4 46. e4 dxe4 47. Qd6+
Qxd6 48. Nxd6 Rd8 49. Nxb7 Kxb7 50. Rxc4 Re7 51. Rb4+ Ka7 52. Rc6 Rb7 53. Ra4
Rd1+ 54. Ka2 Rd2 55. Raxa6+ Kb8 56. Rab6 Rxf2 57. Rxf6 Rxb6 58. Rxb6+ Kc7 59.
Re6 Rf4 60. a4 Kd7 61. Re5 Kd6 62. Re8 Kd7 63. Rb8 e3 64. Rb3 Rxa4+ 65. Kb1 Re4
66. Rd3+ Ke6 67. Rd1 e2 68. Re1 Ke5 69. Kc2 Kf4 70. Kd3 Kf3 71. b4 Re8 72. b5
Kf2 0-1

[Event "Sunway Sitges Open 2019"]
[Site "Sitges ESP"]
[Date "2019.12.14"]
[Round "2.47"]
[White "Ivanchuk, Vassily"]
[Black "Kochavi, Ori"]
[Result "1-0"]
[WhiteTitle "GM"]
[WhiteElo "2690"]
[BlackElo "2259"]
[WhiteFideId "14100010"]
[BlackFideId "2816873"]
[EventDate "2019.12.13"]

1. Nf3 Nf6 2. c4 g6 3. Nc3 Bg7 4. e4 e5 5. d3 O-O 6. h3 c6 7. Be2 d5 8. exd5
cxd5 9. Bg5 d4 10. Ne4 Qa5+ 11. Qd2 Qxd2+ 12. Nfxd2 Nxe4 13. Nxe4 f6 14. Bd2 Rd8
15. g4 a5 16. h4 Bd7 17. f4 Bc6 18. fxe5 f5 19. gxf5 gxf5 20. Rg1 fxe4 21. Bh6
Rd7 22. e6 Re7 23. Bh5 Be8 24. Bf7+ Bxf7 25. Rxg7+ Kh8 26. exf7 Nc6 27. f8=Q+ 1-0